Birds of the Philippines - Statistics

General Stats
  • This quiz has been taken 24 times
  • The average score is 4 of 16
Answer Stats
Picture Answer % Correct
Philippine Eagle
94%
Mandarin Duck
28%
Osprey
28%
Ruff
28%
Demoiselle Crane
22%
Palawan Peacock-Pheasant
22%
Barn Swallow
17%
Greenshank
17%
Java Sparrow
17%
Philippine Duck
17%
Rufous Hornbill
17%
Watercock
17%
Black-Winged Stilt
11%
Purple Swamphen
11%
Collared Kingfisher
6%
Intermediate Egret
6%
No matching quizzes found
Score Distribution
Percent of People with Each Score
Percentile by Number Answered
Your Score History
You have not taken this quiz